000
00230nam a2200085Ia 4500
245
0
_a
Information is beautiful
100
_a
McCandless, David London, 2009
_9
76596
942
_c
BK
008
210817s9999 xx 000 0 und d
999
_c
258474
_d
258473